| 000 | 01123nam0a22002891 4500 | ||
|---|---|---|---|
| 001 | rc\598969 | ||
| 005 | 20031121163438.7 | ||
| 035 | _a(NLR Aleph) 005970048 | ||
| 090 |
_a6926304 _c6926304 |
||
| 100 | _a20031121d1986 u |0rusy50 ca | ||
| 101 | 0 | _arus | |
| 102 | _aRU | ||
| 105 | _aa ||||||||| | ||
| 200 | 1 |
_aТермостимулированная проводимость в монокристаллах AgGaSz, AgGaSe₂ и CuGaS₂ _fГусейнов Г.Д., Касумов Т.К., Мамедов Ф.И. |
|
| 210 |
_aБаку _cСКБ ИФАН _d1986 |
||
| 215 |
_a19 с. _cил. _d20 |
||
| 225 | 1 |
_aПрепринт _fАН АзССР, Ин-т физики. Лаб. "Кристаллофизика" _v№ 192 |
|
| 300 | _aРез. на англ. яз. | ||
| 320 | _aБиблиогр.: с. 18-19 | ||
| 700 | 1 |
_aГусейнов _bГ. Д. |
|
| 701 | 1 |
_aКасумов _bТ. К. оглы _gТаги Касум оглы |
|
| 701 | 1 |
_aМамедов _bФ. И. оглы _gФарман Имран оглы |
|
| 801 | 0 |
_aRU _bNLR _gpsbo |
|
| 801 | 1 |
_aRU _bELAR _2rusmarc |
|
| 852 |
_aNLR _j87-4/22160 |
||
| 942 | _cBOOK | ||
| 980 | _aNB | ||